| 000 | 00964nas a2200277 4500 | ||
|---|---|---|---|
| 001 | BR8000880 | ||
| 003 | BR-BrBNA | ||
| 005 | 20231205084139.0 | ||
| 007 | ta | ||
| 008 | 230509b bl.|||p| |||| 00| 00por d | ||
| 040 |
_aBR-BrBNA _bpor _cBiblioteca Nacional de Agricultura |
||
| 041 | _a(Pt) | ||
| 072 | _aL40 | ||
| 100 | 1 | _aOliveira, S.D. de | |
| 100 | 1 | _aSilva, M.C.V.F. da | |
| 100 | 1 | _aAlbuquerque, J.C. de L. | |
| 100 | 1 | _aAlmeida, M. da C.L. | |
| 245 | 1 | _aAlguns aspectos morfologicos do esofago, estomago e intestino delgado do timbu (Didelphis azarae azarae)[Gamba] | |
| 246 | 1 | _a[Morphological aspects of the oesophagus, stomach and small intestine of the adults Didelphis azarae azarae] | |
| 650 | _aEstrutura animal | ||
| 650 | _aGamba | ||
| 650 | _aMorfologia animal | ||
| 773 | 0 |
_tCaderno Omega (Brazil) _xISSN 0100-2732 _g(Jan 1979), v. 3(1-2) p. 127-132 _wBR8000880 |
|
| 909 |
_a202311 _bLúcia _c55 _dLúcia Elande |
||
| 942 |
_2AGRIS _n0 _cANA |
||
| 999 |
_c103416 _d103416 |
||